000 00599nam a2200205 i 4500
001 79389
003 ES-MaACL
005 20250514193755.0
007 t|
008 041021s1987 zzz ||||1| spa d
020 _a84-86197-64-3
100 1 _aHernández, Antonio,
_d1943-2024
_962787
245 1 3 _aEl Betis
_b: la marcha verde /
_cAntonio Hernández.
260 _a[S.l.] :
_bAlmarabú,
_c1987.
300 _a110 p. ;
_c16 cm.
490 1 _aTextos tímidos ;
_v14
830 0 _aTextos tímidos ;
_v14
_9187568
852 _aES-MaACL
_jL-11975
_bR.114227
999 _c79389
_d79389